| 000 | 00602nam a2200253Ia 4500 | ||
|---|---|---|---|
| 001 | 12072 | ||
| 005 | 20240113235340.0 | ||
| 007 | ta | ||
| 008 | 051004s a g b000 u eng u | ||
| 040 | _aCotton College,Assam | ||
| 041 | _aeng | ||
| 082 |
_a339 _bBr 79 Ma |
||
| 100 | _aBrooman, . | ||
| 245 | 0 |
_aMacroeconomics / _cBrooman. _hTextual Documents |
|
| 260 |
_asl : _bsn , _cnd. |
||
| 300 |
_a384p. : _bill ; _c22cm . |
||
| 504 | _aIndex | ||
| 653 | _aEconomics | ||
| 653 | _aG-Economics | ||
| 942 |
_2ddc _cBK |
||
| 999 |
_c12059 _d12059 |
||